<?xml version="1.0" encoding="UTF-8"?><?xml-stylesheet type="text/xsl" href="static/style.xsl"?><OAI-PMH xmlns="http://www.openarchives.org/OAI/2.0/" xmlns:xsi="http://www.w3.org/2001/XMLSchema-instance" xsi:schemaLocation="http://www.openarchives.org/OAI/2.0/ http://www.openarchives.org/OAI/2.0/OAI-PMH.xsd"><responseDate>2026-06-02T06:05:10Z</responseDate><request verb="GetRecord" identifier="oai:riuma.uma.es:10630/6685" metadataPrefix="marc">https://riuma.uma.es/rest/oai/request</request><GetRecord><record><header><identifier>oai:riuma.uma.es:10630/6685</identifier><datestamp>2026-02-03T12:52:38Z</datestamp><setSpec>com_10630_5701</setSpec><setSpec>com_10630_3139</setSpec><setSpec>com_10630_10</setSpec><setSpec>col_10630_6674</setSpec></header><metadata><record xmlns="http://www.loc.gov/MARC21/slim" xmlns:dcterms="http://purl.org/dc/terms/" xmlns:doc="http://www.lyncode.com/xoai" xmlns:xsi="http://www.w3.org/2001/XMLSchema-instance" xsi:schemaLocation="http://www.loc.gov/MARC21/slim http://www.loc.gov/standards/marcxml/schema/MARC21slim.xsd">
   <leader>00925njm 22002777a 4500</leader>
   <datafield ind2=" " ind1=" " tag="042">
      <subfield code="a">dc</subfield>
   </datafield>
   <datafield ind2=" " ind1=" " tag="720">
      <subfield code="a">Chenoll-Alfaro, Rafael Román</subfield>
      <subfield code="e">author</subfield>
   </datafield>
   <datafield ind2=" " ind1=" " tag="260">
      <subfield code="c">2006</subfield>
   </datafield>
   <datafield ind2=" " ind1=" " tag="520">
      <subfield code="a">Durante treinta años la historiografía ha debatido la existencia de una monarquía hebrea&#xd;
unida e incluso la existencia de sus reyes más preclaros (David y Salomón). Hoy, aunque muchas&#xd;
cosas quedan sin resolver o siguen siendo objeto de fuerte debate, creemos que pudo haber una&#xd;
“pequeña monarquía unida” de algunas tribus, no un gran imperio palestino, y que David y&#xd;
Salomón fueron sólo pequeños reyes, engrandecidos por una ideología judía posterior.</subfield>
   </datafield>
   <datafield ind2=" " ind1=" " tag="520">
      <subfield code="a">Along thirty years the historiography has been arguing about the existence of an united&#xd;
hebrew monarchy, even the existence of its greatest kings (David and Salomón). Nowadays,&#xd;
lots of things are not resolved or they are under discussion. Anyway we believe that there could&#xd;
have been some tribes with a “small united monarchy”, not a great palestinian empire. We also&#xd;
believe that David and Salomón were only trivial kings enhanced by a later jewish ideology.</subfield>
   </datafield>
   <datafield ind1="8" ind2=" " tag="024">
      <subfield code="a">CHENOLL ALFARO, R. R. "Casa de David : Problemas en torno a la monarquía hebrea unida" Baetica, 28 (2), 2006, 175-194</subfield>
   </datafield>
   <datafield ind1="8" ind2=" " tag="024">
      <subfield code="a">0212-5099</subfield>
   </datafield>
   <datafield ind1="8" ind2=" " tag="024">
      <subfield code="a">http://hdl.handle.net/10630/6685</subfield>
   </datafield>
   <datafield tag="653" ind2=" " ind1=" ">
      <subfield code="a">Civilización judía - Historia</subfield>
   </datafield>
   <datafield ind2="0" ind1="0" tag="245">
      <subfield code="a">Casa de David : problemas en torno a la monarquía hebrea unida</subfield>
   </datafield>
</record>
</metadata></record></GetRecord></OAI-PMH>